000 01547cam a2200313 a 4500
001 15330612
005 20090217133023.0
008 080616s2008 ke b 001 0 eng
010 _a 2008349652
020 _a9966083200
040 _aDLC
_cDLC
_dDLC
042 _alcode
043 _af------
050 0 0 _aHF5387.5.A35
_bW36 2008
100 1 _aWanjiru Gichure, Christine.
245 1 0 _aEthics for Africa today :
_ban introduction to business ethics /
_cChristine Wanjiru Gichure.
260 _aNairobi :
_bPaulines Publications Africa,
_cc2008.
300 _a248 p. ;
_c21 cm.
490 0 _aPhilosophy series
504 _aIncludes bibliographical references (p. [239]-241) and index.
650 0 _aBusiness ethics
_zAfrica.
856 4 1 _3Table of contents only
_uhttp://www.loc.gov/catdir/toc/fy0805/2008349652.html
906 _a7
_bcbc
_corigode
_d3
_encip
_f20
_gy-gencatlg
942 _2lcc
_cBK
999 _c36668
_d36668